00341nam a2200145Ia 4500008004100000020001800041041000800059082001700067100001500084245003800099260001900137300000800156365001600164700001500180230714s9999 xx 000 0 und d a9790000000000 aeng a796.4'1bDIW aDivekar R. aWomen And The Weight Loss Tamasha c2010bWestland a374 cRs.b200.00 aDivekar R.